| Поле | Инд. | ПП | Название | Значение |
|---|---|---|---|---|
| Тип записи | a | |||
| Библиографический уровень | m | |||
| 001 | Контрольный номер | UNIDUBNA89655b9455234a4fb194bfa21aa862b0 | ||
| 005 | Дата корректировки | 20260330094520.2 | ||
| 008 | Кодируемые данные | 20050314 | ||
| 020 | a | ISBN | 978-5-534-16430-5 | |
| 084 | a | Индекс другой классификации/Индекс ББК | 65.050.12я73; 60.821.4я73; 60.821.5я73; 60.831я73; 60.832.2я73; 60.84я73 | |
| 100 | 1_ | a | Автор | Латфуллин Г. Р. |
| q | Полное имя | Латфуллин Габдельахат Рашидович | ||
| 100 | 1_ | a | Автор | Громова О. Н. |
| q | Полное имя | Громова Ольга Николаевна | ||
| 100 | 1_ | a | Автор | Райченко А. В. |
| q | Полное имя | Райченко Александр Васильевич | ||
| 100 | 1_ | a | Автор | Антонов В. Г. |
| q | Полное имя | Антонов Виктор Глебович | ||
| 100 | 1_ | a | Автор | Бобылева Н. В. |
| q | Полное имя | Бобылева Нина Васильевна | ||
| 100 | 1_ | a | Автор | Ростовская А. Е. |
| q | Полное имя | Ростовская Антонина Евгеньевна | ||
| 100 | 1_ | a | Автор | Шрамченко Т. Б. |
| q | Полное имя | Шрамченко Тамара Борисовна | ||
| 245 | 10 | a | Заглавие | Организационное поведение |
| b | Продолж. заглавия | учебник и практикум для вузов | ||
| c | Ответственность | под редакцией Г. Р. Латфуллина, О. Н. Громовой, А. В. Райченко; рецензенты И. Ю. Беляева, А. И. Анпилов | ||
| 260 | a | Место издания | Москва | |
| b | Издательство | Юрайт | ||
| c | Дата издания | 2024 | ||
| 300 | a | Объем | 291 с. | |
| 336 | a | Термин вида содержания | Текст | |
| 337 | a | Термин типа средства | электронный | |
| 440 | _0 | a | Серия | Высшее образование |
| 504 | a | Библиография | Глоссарий: с. 279. - Рек. лит.: с. 288. - Новые изд.: с. 290 | |
| 521 | 0_ | a | Примеч. о целев. назн. | бакалавриат |
| 650 | 04 | a | Основная рубрика | организационное поведение |
| a | Основная рубрика | социология | ||
| a | Основная рубрика | социология организаций | ||
| a | Основная рубрика | управление экономикой | ||
| a | Основная рубрика | экономика | ||
| 653 | 0_ | a | Ключевые слова | групповое поведение |
| a | Ключевые слова | делегирование | ||
| a | Ключевые слова | индивидуальное поведение | ||
| a | Ключевые слова | инновационный подход | ||
| a | Ключевые слова | команда | ||
| a | Ключевые слова | командная работа | ||
| a | Ключевые слова | коммуникативные сети | ||
| a | Ключевые слова | коммуникации | ||
| a | Ключевые слова | конкуренция | ||
| a | Ключевые слова | конфликты | ||
| a | Ключевые слова | корпоративная культура | ||
| a | Ключевые слова | лидерство | ||
| a | Ключевые слова | мотивация | ||
| a | Ключевые слова | организации | ||
| a | Ключевые слова | организационное поведение | ||
| a | Ключевые слова | организационное развитие | ||
| a | Ключевые слова | организационные изменения | ||
| a | Ключевые слова | организационные коммуникации | ||
| a | Ключевые слова | организационные отношения | ||
| a | Ключевые слова | поведенческий маркетинг | ||
| a | Ключевые слова | Российская Федерация | ||
| a | Ключевые слова | Россия | ||
| a | Ключевые слова | стиль руководства | ||
| a | Ключевые слова | стимулирование | ||
| a | Ключевые слова | структура организации | ||
| a | Ключевые слова | управление | ||
| a | Ключевые слова | управление конфликтами | ||
| 655 | a | Жанр/ форма (устаревшее) | учебное пособие | |
| 700 | 12 | a | Автор | Беляева И. Ю. |
| e | Роль лиц | рецензент | ||
| 700 | 12 | a | Автор | Анпилов А. И. |
| e | Роль лиц | рецензент | ||
| 856 | 40 | a | Имя сервера/домена | ЭБС ЮРАЙТ |
| d | Путь | https://urait.ru | ||
| i | Указания/сценарий входа | Доступ по логину и паролю | ||
| u | URL | https://urait.ru/bcode/536900 | ||
| v | Время доступа к ресурсу | 25.03.2027 | ||
| y | Справочный текст | Электронная версия | ||
| 900 | a | Имя электронного ресурса | obl_Latfullina_Organiz | |
| x | Справочная информация | Обложка | ||
| 900 | x | Справочная информация | Полный текст | |
| 901 | t | Тип документа | 0 | |
| 952 | a | Тип литературы для КСУ ВШ | УИ |